Teen Wolf 2 - Statistics

General Stats
  • This quiz has been taken 91 times
  • The average score is 13 of 16
Answer Stats
Hint Answer % Correct
main character's first love A Allison
100%
Alive twin E Ethan
96%
main character S Scott
94%
first kanima J Jackson
93%
werecoyote M Malia
93%
Derek's first beta I Isaac
90%
angry werewolf L Liam
90%
M's biological father P Peter
90%
alpha of the alphas pack D Deucalion
87%
werejaguar K Kate
87%
A's grandfather G Gerard
85%
chimera werewolf, L's girlfriend H Hayden
81%
Stiles' father N Noah
79%
chameleon chimera C Corey
70%
main character's father R Rafael
60%
mercenary B Braeden
58%
No matching quizzes found
Score Distribution
Percent of People with Each Score
Percentile by Number Answered
Your Score History
You have not taken this quiz